000 00929nam a22002297a 4500
003 URS
005 20220620093419.0
008 220620b ||||| |||| 00| 0 eng d
100 _91806
_aAnonical, Ma. Lorraine C.
_eauthor
245 _aEmployee retention in Municipalities in the first district of Rizal
_cMa. Lorraine C. Anonical, Rizza Elinor V. Resueno, Jovelyn Q. Yutrago
260 _c2018
300 _axiii, 81 leaves
_c28 cm
336 _2rdacontent
_atext
337 _2rdamedia
_aunmediated
338 _2rdacarrier
_avolume
502 _aThesis
_bBachelor of Science in Business Administration Major in Human Resource Development Management
_cUniversity of Rizal System, Binangonan
_d2018
504 _aIncludes bibliographical references.
700 _91808
_aResueno, Rizza Elinor V.
_eauthor
700 _91809
_aYutrago, Jovelyn Q.
_eauthor
700 _91679
_aAlbert Q. Clemente, MM
_eadviser
942 _2lcc
_cT
999 _c58258
_d58258